00766nam a2200265 u 4500001001000000003000900010005001700019007001000036008004100046040002300087092002000110100002800130245005100158260005000209300002700259490001000286586003700296650002400333650002600357830001000383942001200393956004100405956003900446999001500485000020481DO-SdBNP20150217103028.0000020481100809s1986 dr r 000 p spa d aBPMETbspacBPPMET aRD861.44bC355e1 aCastro, Tomás,d1959-10aEntre la espada y el espejo /cTomás Castro. aSanto Domingo :bBiblioteca Nacional ,c1986. a88 p. :bil. ;c21 cm.1 aOrfeo aPremio Biblioteca Nacional, 1986 4aPOESÍA DOMINICANA 4aLITERATURA DOMINICANA 0aOrfeo 2ddccBK aKLANTIGUAb10c20100809lBND01h1137 aMGARCIAb10c20100809lBND01h1448 c7421d7421